[Event "NZL-ch op 127th"]
[Site "Tauranga"]
[Date "2020.01.20"]
[Round "7"]
[White "Reilly, Tim"]
[Black "Winter, Ryan"]
[Result "1-0"]
[WhiteElo "2098"]
[BlackElo "1862"]
[PlyCount "80"]
[EventDate "2020.01.14"]
[EventType "swiss"]
[EventRounds "9"]
[EventCountry "NZL"]
[SourceTitle "CBM 194 Extra"]
[Source "ChessBase"]
[SourceDate "2020.03.31"]
[SourceVersion "1"]
[SourceVersionDate "2020.03.31"]
[SourceQuality "1"]

1. d4 Nf6 2. c4 e6 3. Nc3 Bb4 4. e3 0-0 5. Bd3 d5 6. Nge2 dxc4 7. Bxc4 e5 8. 0-0 Nc6 9. a3 Bd6 10. d5 Ne7 11. e4 Ng6 12. b4 a6 13. Ng3 Nf4 14. Re1 Bd7 15. Qc2 Re8 16. Bb2 g6 17. Nce2 Nxe2+ 18. Bxe2 c6 19. dxc6 Bxc6 20. Bc4 Qe7 21. Qd2 Rad8 22. Qe3 Bc7 23. Qg5 Nd7 24. Bc1 Qxg5 25. Bxg5 Rc8 26. Rad1 Kg7 27. Bb3 Bb6 28. Ne2 f6 29. Bc1 Nb8 30. Nc3 Bd4 31. Nd5 Rcd8 32. Nc7 Re7 33. Ne6+ Rxe6 34. Bxe6 Ba4 35. Rd2 Re8 36. Bd5 Bc3 37. Bxb7 Bxd2 38. Bxd2 Rd8 39. Be3 Rd3 40. Rc1 Rxa3 1-0

[Event "NZL-ch op 127th"]
[Site "Tauranga"]
[Date "2020.01.16"]
[Round "3"]
[White "Reilly, Tim"]
[Black "Polishchuk, Kirill"]
[Result "0-1"]
[WhiteElo "2098"]
[BlackElo "2151"]
[PlyCount "108"]
[EventDate "2020.01.14"]
[EventType "swiss"]
[EventRounds "9"]
[EventCountry "NZL"]
[SourceTitle "CBM 194 Extra"]
[Source "ChessBase"]
[SourceDate "2020.03.31"]
[SourceVersion "1"]
[SourceVersionDate "2020.03.31"]
[SourceQuality "1"]

1. d4 Nf6 2. c4 g6 3. Nc3 d5 4. Nf3 Bg7 5. Qb3 dxc4 6. Qxc4 0-0 7. e4 a6 8. Be2 b5 9. Qb3 c5 10. dxc5 Bb7 11. 0-0 Qc7 12. Be3 Nbd7 13. Rac1 Bxe4 14. Nxe4 Nxe4 15. c6 Nb6 16. Rfd1 Nd6 17. Bd4 Bxd4 18. Nxd4 e5 19. Nf3 Ndc4 20. Qc2 Rfe8 21. b3 Nd6 22. Qd2 Nf5 23. Qg5 e4 24. Nd4 Nxd4 25. Rxd4 Re6 26. Qg3 Rc8 27. Qxc7 Rxc7 28. a4 Rexc6 29. Rxc6 Rxc6 30. axb5 Rc1+ 31. Bf1 axb5 32. Rxe4 Nd5 33. g3 Rb1 34. b4 Nxb4 35. Re8+ Kg7 36. Rb8 Nd3 37. Rd8 Ne5 38. Rd5 Nc4 39. Kg2 Rb2 40. Bxc4 bxc4 41. Rc5 Rb4 42. h4 h5 43. Rc6 Kf8 44. Rc7 Ke8 45. f4 Kd8 46. Rc5 Kd7 47. Kf3 Kd6 48. Rc8 Rb3+ 49. Kg2 Kd5 50. Rd8+ Ke4 51. Re8+ Kd3 52. Rd8+ Ke2 53. Re8+ Kd2 54. Re7 Re3 0-1

[Event "George Trundle Qualifiers"]
[Site "Auckland"]
[Date "2019.01.09"]
[Round "7"]
[White "Reilly, Tim"]
[Black "Duneas, John"]
[Result "0-1"]
[WhiteElo "2160"]
[BlackElo "2044"]
[PlyCount "106"]
[EventDate "2019.01.04"]
[EventType "tourn"]
[EventRounds "9"]
[EventCountry "NZL"]
[SourceTitle "CBM 189 Extra"]
[Source "ChessBase"]
[SourceDate "2019.05.31"]
[SourceVersion "1"]
[SourceVersionDate "2019.05.31"]
[SourceQuality "1"]

1. c4 Nf6 2. Nc3 e5 3. Nf3 Nc6 4. g3 Bb4 5. Nd5 Bc5 6. Bg2 d6 7. 0-0 0-0 8. d3 Nxd5 9. cxd5 Ne7 10. d4 exd4 11. Nxd4 Bg4 12. Nb3 Bb6 13. h3 Bd7 14. Bd2 c6 15. dxc6 bxc6 16. Rc1 Rc8 17. Bf4 d5 18. Nc5 Ng6 19. Nb7 Qf6 20. Bd6 Rfe8 21. Ba3 Rc7 22. Nc5 Bc8 23. b3 Ne5 24. Qd2 Qf5 25. Na4 Qd7 26. Bb2 c5 27. Qxd5 Qxd5 28. Bxd5 Bxh3 29. Rfd1 Nd7 30. Bf3 Nf6 31. Rd6 Rd7 32. Rxd7 Nxd7 33. g4 f5 34. Bc6 Re7 35. g5 f4 36. Rc4 Rxe2 37. Bd5+ Be6 38. Bxe6+ Rxe6 39. Rxf4 Ne5 40. Rf5 Nd3 41. Bc3 g6 42. Rf6 Rxf6 43. Bxf6 Kf7 44. Nxb6 axb6 45. Bd8 b5 46. a4 c4 47. bxc4 bxa4 48. Kf1 a3 49. Ke2 Nb2 50. Bf6 Nxc4 51. Kd3 Nd6 52. f4 Ke6 53. Ke3 Kf5 0-1

[Event "George Trundle Qualifiers"]
[Site "Auckland"]
[Date "2019.01.08"]
[Round "6"]
[White "Huang, Alex"]
[Black "Reilly, Tim"]
[Result "1-0"]
[WhiteElo "1971"]
[BlackElo "2160"]
[PlyCount "131"]
[EventDate "2019.01.04"]
[EventType "tourn"]
[EventRounds "9"]
[EventCountry "NZL"]
[SourceTitle "CBM 189 Extra"]
[Source "ChessBase"]
[SourceDate "2019.05.31"]
[SourceVersion "1"]
[SourceVersionDate "2019.05.31"]
[SourceQuality "1"]

1. e4 d6 2. d4 g6 3. Nc3 Bg7 4. Nf3 a6 5. a4 Nf6 6. h3 0-0 7. Be3 b6 8. e5 Nfd7 9. e6 fxe6 10. Bc4 Nf6 11. h4 d5 12. Bd3 Qd6 13. h5 gxh5 14. Qd2 Nbd7 15. Bh6 Rf7 16. Bf4 Ne4 17. Nxe4 Qxf4 18. Neg5 Qxd2+ 19. Kxd2 Bh6 20. Rxh5 Bxg5+ 21. Nxg5 Nf6 22. Nxf7 Nxh5 23. Rh1 Nf4 24. Ng5 Nxd3 25. cxd3 Bd7 26. Rxh7 Rf8 27. Ke3 c5 28. Rxe7 cxd4+ 29. Ke2 Bxa4 30. Nxe6 Rf7 31. Rxf7 Kxf7 32. Nc7 a5 33. Nxd5 b5 34. Kf3 Ke6 35. Ke4 Bb3 36. Nf4+ Kd6 37. Kxd4 b4 38. Ne2 a4 39. Nc1 Bd5 40. g4 a3 41. b3 Be6 42. g5 Bf7 43. f4 Ke6 44. Kc5 Kf5 45. Kxb4 Kxf4 46. Kxa3 Kxg5 47. Kb4 Kf4 48. Kc3 Ke5 49. b4 Kd5 50. Ne2 Kc6 51. Nf4 Bg8 52. Ng6 Be6 53. Ne5+ Kb5 54. Nf3 Bf7 55. Nd4+ Ka4 56. Nf5 Be6 57. Nd6 Bg8 58. b5 Ka5 59. Kd4 Kb6 60. Ke5 Ba2 61. d4 Bb3 62. Kf6 Bc2 63. Ke5 Bb3 64. d5 Kc5 65. Nb7+ Kxb5 66. d6 1-0

[Event "George Trundle Qualifiers"]
[Site "Auckland"]
[Date "2019.01.07"]
[Round "5"]
[White "Reilly, Tim"]
[Black "Dowden, R Anthony"]
[Result "1-0"]
[WhiteElo "2160"]
[BlackElo "2044"]
[PlyCount "47"]
[EventDate "2019.01.04"]
[EventType "tourn"]
[EventRounds "9"]
[EventCountry "NZL"]
[SourceTitle "CBM 189 Extra"]
[Source "ChessBase"]
[SourceDate "2019.05.31"]
[SourceVersion "1"]
[SourceVersionDate "2019.05.31"]
[SourceQuality "1"]

1. d4 Nf6 2. c4 e6 3. Nc3 c5 4. d5 exd5 5. cxd5 d6 6. e4 g6 7. f4 Bg7 8. Bb5+ Nfd7 9. a4 0-0 10. Nf3 Na6 11. 0-0 Nb4 12. Re1 a6 13. Bf1 Re8 14. Qb3 f5 15. e5 dxe5 16. d6+ Kh8 17. Ng5 Rf8 18. Ne6 Qf6 19. Nxf8 Qxf8 20. fxe5 Bxe5 21. Bg5 Qxd6 22. Qf7 b5 23. Rad1 Bd4+ 24. Kh1 1-0

[Event "George Trundle Qualifiers"]
[Site "Auckland"]
[Date "2019.01.06"]
[Round "4"]
[White "Metge, J Nigel"]
[Black "Reilly, Tim"]
[Result "0-1"]
[WhiteElo "2069"]
[BlackElo "2160"]
[PlyCount "106"]
[EventDate "2019.01.04"]
[EventType "tourn"]
[EventRounds "9"]
[EventCountry "NZL"]
[SourceTitle "CBM 189 Extra"]
[Source "ChessBase"]
[SourceDate "2019.05.31"]
[SourceVersion "1"]
[SourceVersionDate "2019.05.31"]
[SourceQuality "1"]

1. d4 d6 2. e4 Nf6 3. Nc3 g6 4. Be2 Bg7 5. Bg5 a6 6. f4 0-0 7. Nf3 b5 8. e5 Ng4 9. Qd2 f6 10. exf6 Nxf6 11. a3 Bb7 12. 0-0 Nbd7 13. f5 gxf5 14. Bh6 e6 15. Bxg7 Kxg7 16. Ng5 Qe7 17. Rae1 Ne4 18. Ncxe4 Bxe4 19. Bd3 d5 20. Qf4 h6 21. Nf3 Qd6 22. Ne5 Nxe5 23. dxe5 Qc5+ 24. Re3 Kh7 25. Kh1 Rg8 26. Bxe4 dxe4 27. Rh3 Rg6 28. g4 Rag8 29. g5 Qxc2 30. Rc1 Qxb2 31. Rxc7+ Kh8 32. Qh4 Qa1+ 33. Kg2 Rxg5+ 34. Rg3 R8g6 35. Rc8+ Kg7 36. Rc7+ Kf8 37. Rc8+ Kf7 38. Rc7+ Ke8 39. Qf4 Qxa3 40. Rc2 Qf3+ 41. Qxf3 exf3+ 42. Kxf3 Rxg3+ 43. hxg3 Rg4 44. Rc6 a5 45. Rxe6+ Kd7 46. Rxh6 a4 47. Ra6 Re4 48. Rd6+ Kc7 49. Ra6 Rxe5 50. Kf4 Rd5 51. g4 fxg4 52. Kxg4 Re5 53. Kf4 Re1 0-1

[Event "AUS-ch"]
[Site "Cammeray"]
[Date "2018.01.12"]
[Round "11"]
[White "Reilly, Tim"]
[Black "Zhang, Jilin"]
[Result "1/2-1/2"]
[WhiteElo "2169"]
[BlackElo "2267"]
[PlyCount "118"]
[EventDate "2018.01.02"]
[EventType "swiss"]
[EventRounds "11"]
[EventCountry "AUS"]
[SourceTitle "CBM 182 Extra"]
[Source "ChessBase"]
[SourceDate "2018.02.23"]
[SourceVersion "1"]
[SourceVersionDate "2018.02.23"]
[SourceQuality "1"]

1. d4 Nf6 2. c4 g6 3. Nc3 d5 4. Nf3 Bg7 5. Qb3 dxc4 6. Qxc4 0-0 7. e4 Nfd7 8. Be3 Nb6 9. Qb3 Bg4 10. Rd1 e6 11. Be2 Nc6 12. e5 Ne7 13. 0-0 Nbd5 14. Ne4 Rb8 15. Rd2 Bxf3 16. Bxf3 h6 17. Rc1 c6 18. Qa3 a6 19. Nd6 Qd7 20. b4 Rfd8 21. Qb3 Bf8 22. a3 Ra8 23. Rb2 Kg7 24. Bxh6+ Kxh6 25. Nxf7+ Kg7 26. Nxd8 Rxd8 27. Be4 Nf5 28. Rd1 Be7 29. g3 Rh8 30. h4 Qd8 31. Qf3 Bxh4 32. gxh4 Qxh4 33. Bxd5 exd5 34. Rbd2 Qh2+ 35. Kf1 Rf8 36. Rd3 Nh4 37. Qg3 Qh1+ 38. Ke2 Qe4+ 39. Re3 Qc2+ 40. Rd2 Qc4+ 41. Red3 Rf3 42. Qxf3 Nxf3 43. Kxf3 Kf7 44. Kg2 b6 45. Rf3+ Ke7 46. Rdd3 g5 47. Rg3 a5 48. bxa5 bxa5 49. Rde3 Qxd4 50. Rxg5 c5 51. Rg7+ Ke6 52. Rg6+ Ke7 53. Rg7+ Ke6 54. Rg6+ Kf7 55. Rb6 Qg4+ 56. Kf1 Qc4+ 57. Kg2 Qg4+ 58. Kf1 Qc4+ 59. Kg2 Qg4+ 1/2-1/2

[Event "AUS-ch"]
[Site "Cammeray"]
[Date "2018.01.08"]
[Round "7"]
[White "Yang, Ray"]
[Black "Reilly, Tim"]
[Result "1-0"]
[WhiteElo "2003"]
[BlackElo "2169"]
[PlyCount "40"]
[EventDate "2018.01.02"]
[EventType "swiss"]
[EventRounds "11"]
[EventCountry "AUS"]
[SourceTitle "CBM 182 Extra"]
[Source "ChessBase"]
[SourceDate "2018.02.23"]
[SourceVersion "1"]
[SourceVersionDate "2018.02.23"]
[SourceQuality "1"]

1. d4 d6 2. c4 f5 3. Nc3 Nf6 4. Nf3 g6 5. g3 Bg7 6. Bg2 0-0 7. 0-0 c6 8. b4 Qc7 9. Qb3 Kh8 10. Ba3 e5 11. dxe5 dxe5 12. e4 f4 13. b5 Re8 14. Rad1 Nh5 15. Bd6 Qf7 16. bxc6 Nxc6 17. Nd5 Rd8 18. Ng5 Qg8 19. Nc7 Nd4 20. Rxd4 exd4 1-0

[Event "AUS-ch"]
[Site "Cammeray"]
[Date "2018.01.03"]
[Round "3"]
[White "Willathgamuwa, Rowan"]
[Black "Reilly, Tim"]
[Result "0-1"]
[WhiteElo "1980"]
[BlackElo "2169"]
[PlyCount "48"]
[EventDate "2018.01.02"]
[EventType "swiss"]
[EventRounds "11"]
[EventCountry "AUS"]
[SourceTitle "CBM 182 Extra"]
[Source "ChessBase"]
[SourceDate "2018.02.23"]
[SourceVersion "1"]
[SourceVersionDate "2018.02.23"]
[SourceQuality "1"]

1. Nf3 g6 2. g3 Bg7 3. Bg2 e5 4. d3 d6 5. c4 f5 6. Nc3 Nf6 7. 0-0 0-0 8. Rb1 Nc6 9. b4 h6 10. Bd2 g5 11. e3 Be6 12. Qb3 f4 13. exf4 exf4 14. Rfe1 Bg4 15. Ne2 Qd7 16. Bc3 Rae8 17. Ned4 Nxd4 18. Nxd4 c6 19. b5 c5 20. Nf3 Qf5 21. Qd1 Rxe1+ 22. Bxe1 fxg3 23. fxg3 Nd7 24. Kf2 Bd4+ 0-1

[Event "AUS-ch"]
[Site "Cammeray"]
[Date "2018.01.02"]
[Round "1"]
[White "Reilly, Tim"]
[Black "Illingworth, Max"]
[Result "0-1"]
[WhiteElo "2169"]
[BlackElo "2494"]
[PlyCount "62"]
[EventDate "2018.01.02"]
[EventType "swiss"]
[EventRounds "11"]
[EventCountry "AUS"]
[SourceTitle "CBM 182 Extra"]
[Source "ChessBase"]
[SourceDate "2018.02.23"]
[SourceVersion "1"]
[SourceVersionDate "2018.02.23"]
[SourceQuality "1"]

1. d4 Nf6 2. c4 e6 3. Nc3 Bb4 4. e3 0-0 5. Bd3 d5 6. cxd5 exd5 7. Nge2 Re8 8. Bd2 Bd6 9. Rc1 a6 10. Qb3 c6 11. 0-0 Nbd7 12. f3 b5 13. Bb1 Bb7 14. Qc2 c5 15. dxc5 Bxc5 16. Nd4 Rc8 17. Qf5 Ne5 18. b3 Qb6 19. Nce2 b4 20. g4 Ng6 21. Kh1 a5 22. g5 Re5 23. Qh3 Rxg5 24. f4 Rh5 25. Qf3 Nh4 26. Qg3 Ne4 27. Bxe4 dxe4 28. Rg1 Qh6 29. f5 Nxf5 30. Nxf5 Rxf5 31. Nf4 Rxf4 0-1

[Event "George Trundle Masters"]
[Site "Auckland"]
[Date "2017.10.03"]
[Round "4"]
[White "Ang, Alphaeus Wei Ern"]
[Black "Reilly, Tim"]
[Result "1/2-1/2"]
[WhiteElo "2228"]
[BlackElo "2153"]
[PlyCount "87"]
[EventDate "2017.09.30"]
[EventType "tourn"]
[EventRounds "9"]
[EventCountry "NZL"]
[EventCategory "1"]
[SourceTitle "CBM 181 Extra"]
[Source "ChessBase"]
[SourceDate "2017.12.12"]
[SourceVersion "1"]
[SourceVersionDate "2017.12.12"]
[SourceQuality "1"]

1. d4 d6 2. Nf3 g6 3. c4 f5 4. Nc3 Nf6 5. g3 Bg7 6. Bg2 0-0 7. 0-0 c6 8. Qb3 Na6 9. c5+ d5 10. Ne5 Ne4 11. Bxe4 fxe4 12. Nxe4 e6 13. Bg5 Qc7 14. Nd6 Nxc5 15. dxc5 Bxe5 16. Bh6 Bg7 17. Bxg7 Qxg7 18. Rac1 e5 19. e4 Be6 20. f3 Rab8 21. Qe3 d4 22. Qd2 Bh3 23. Rf2 b6 24. b4 b5 25. Rd1 Rf6 26. Qg5 Rbf8 27. Qxe5 Rxf3 28. Qxg7+ Kxg7 29. Nf5+ gxf5 30. Rxf3 Bg4 31. Rff1 Bxd1 32. Rxd1 fxe4 33. Rxd4 e3 34. Re4 Rf2 35. a3 Re2 36. Kf1 Rxh2 37. Rxe3 Kf6 38. Rd3 Ke5 39. Rd7 a6 40. Ra7 Ke4 41. Rxa6 Kf3 42. Ke1 Ke3 43. Kf1 Kf3 44. Ke1 1/2-1/2

[Event "George Trundle Masters"]
[Site "Auckland"]
[Date "2017.10.01"]
[Round "2"]
[White "Johansen, Darryl Keith"]
[Black "Reilly, Tim"]
[Result "1/2-1/2"]
[WhiteElo "2380"]
[BlackElo "2153"]
[PlyCount "47"]
[EventDate "2017.09.30"]
[EventType "tourn"]
[EventRounds "9"]
[EventCountry "NZL"]
[EventCategory "1"]
[SourceTitle "CBM 181 Extra"]
[Source "ChessBase"]
[SourceDate "2017.12.12"]
[SourceVersion "1"]
[SourceVersionDate "2017.12.12"]
[SourceQuality "1"]

1. Nf3 g6 2. g3 Bg7 3. d4 Nf6 4. c4 0-0 5. Bg2 d6 6. 0-0 Nc6 7. Nc3 a6 8. d5 Na5 9. Nd2 c5 10. Rb1 Rb8 11. b3 b5 12. Qc2 e5 13. e4 Bd7 14. a3 Ng4 15. cxb5 axb5 16. b4 Nb7 17. h3 Nh6 18. Qd3 Qc8 19. Kh2 f5 20. Nf3 c4 21. Qd1 Nf7 22. Qc2 Ra8 23. Bb2 f4 24. Ra1 1/2-1/2

[Event "George Trundle Masters"]
[Site "Auckland"]
[Date "2017.09.30"]
[Round "1"]
[White "Reilly, Tim"]
[Black "Croad, Nicholas"]
[Result "1/2-1/2"]
[WhiteElo "2153"]
[BlackElo "2247"]
[PlyCount "56"]
[EventDate "2017.09.30"]
[EventType "tourn"]
[EventRounds "9"]
[EventCountry "NZL"]
[EventCategory "1"]
[SourceTitle "CBM 181 Extra"]
[Source "ChessBase"]
[SourceDate "2017.12.12"]
[SourceVersion "1"]
[SourceVersionDate "2017.12.12"]
[SourceQuality "1"]

1. d4 Nf6 2. c4 e6 3. Nc3 Bb4 4. e3 0-0 5. Bd3 d5 6. cxd5 exd5 7. Nge2 Re8 8. 0-0 c5 9. a3 Bxc3 10. bxc3 b6 11. f3 Ba6 12. Ng3 Bxd3 13. Qxd3 Nc6 14. Ra2 Qd7 15. Re2 Rad8 16. Bb2 h5 17. Rd1 h4 18. Nh1 cxd4 19. cxd4 Nh5 20. Nf2 Qe6 21. Nh3 Ne7 22. e4 Ng6 23. Bc1 Rc8 24. Ree1 Qc6 25. e5 Qc2 26. Qb5 Qc6 27. Qd3 Qc2 28. Qb5 Qc6 1/2-1/2

[Event "NZL-ch op 124th"]
[Site "Wellington"]
[Date "2017.01.07"]
[Round "7"]
[White "Dive, Russell John"]
[Black "Reilly, Tim"]
[Result "1/2-1/2"]
[WhiteElo "2304"]
[BlackElo "2166"]
[PlyCount "51"]
[EventDate "2017.01.01"]
[EventType "swiss"]
[EventRounds "9"]
[EventCountry "NZL"]
[SourceTitle "CBM 176 Extra"]
[Source "ChessBase"]
[SourceDate "2017.03.02"]
[SourceVersion "1"]
[SourceVersionDate "2017.03.02"]
[SourceQuality "1"]

1. Nf3 g6 2. g3 Bg7 3. Bg2 e5 4. 0-0 Nc6 5. c4 d6 6. Nc3 f5 7. d3 Nf6 8. Rb1 0-0 9. b4 h6 10. b5 Ne7 11. c5 Be6 12. Ba3 g5 13. cxd6 cxd6 14. Qa4 f4 15. Nd2 d5 16. Qb3 Rf7 17. Nde4 dxe4 18. Qxe6 f3 19. exf3 Qxd3 20. Bxe7 exf3 21. Bxf6 fxg2 22. Rfe1 Bxf6 23. Nd5 Bg7 24. Ne7+ Kf8 25. Ng6+ Kg8 26. Ne7+ 1/2-1/2

[Event "NZL-ch op 123rd"]
[Site "Auckland"]
[Date "2016.01.10"]
[Round "9"]
[White "Gong, Daniel Hanwen"]
[Black "Reilly, Tim"]
[Result "1/2-1/2"]
[WhiteElo "2055"]
[BlackElo "2203"]
[PlyCount "89"]
[EventDate "2016.01.02"]
[EventType "swiss"]
[EventRounds "9"]
[EventCountry "NZL"]
[SourceTitle "CBM 170 Extra"]
[Source "ChessBase"]
[SourceDate "2016.02.25"]
[SourceVersion "1"]
[SourceVersionDate "2016.02.25"]
[SourceQuality "1"]

1. c4 g6 2. g3 Bg7 3. Bg2 e5 4. Nc3 Nc6 5. d3 d6 6. Nf3 f5 7. Bg5 Nf6 8. Nd5 0-0 9. h4 Be6 10. Nxf6+ Bxf6 11. Bxf6 Qxf6 12. Ng5 Bd7 13. Qd2 h6 14. Nh3 Kg7 15. 0-0-0 Rab8 16. f4 b5 17. c5 dxc5 18. h5 Nb4 19. a3 Na2+ 20. Kb1 b4 21. Kxa2 bxa3 22. b3 Rxb3 23. Kxb3 Rb8+ 24. Ka2 Qe6+ 25. Ka1 Rb2 26. Qxb2 axb2+ 27. Kxb2 Ba4 28. Rd2 Qb3+ 29. Ka1 Qc3+ 30. Rb2 Bc2 31. Bd5 a5 32. Rc1 Qa3+ 33. Ba2 Bb3 34. Kb1 a4 35. Bxb3 axb3 36. fxe5 g5 37. Nf2 Qb4 38. g4 Qd4 39. e3 Qxe5 40. gxf5 Qxf5 41. Ne4 c4 42. Rxc4 Qf1+ 43. Rc1 Qxd3+ 44. Ka1 Qa6+ 45. Kb1 1/2-1/2

[Event "George Trundle Masters"]
[Site "Auckland"]
[Date "2015.10.04"]
[Round "9"]
[White "Reilly, Tim"]
[Black "Wastney, Scott C"]
[Result "1/2-1/2"]
[WhiteElo "2226"]
[BlackElo "2340"]
[PlyCount "22"]
[EventDate "2015.09.26"]
[EventType "tourn"]
[EventRounds "9"]
[EventCountry "NZL"]
[EventCategory "2"]
[SourceTitle "EXT 2018"]
[Source "ChessBase"]
[SourceDate "2017.10.13"]
[SourceVersion "1"]
[SourceVersionDate "2017.10.13"]
[SourceQuality "1"]

1. d4 d5 2. c4 e6 3. Nc3 Nf6 4. cxd5 exd5 5. Bg5 c6 6. e3 Qb6 7. Qc2 Ne4 8. Bf4 Bf5 9. Bd3 Na6 10. a3 Qa5 11. Rc1 Nxc3 1/2-1/2

[Event "George Trundle Masters"]
[Site "Auckland"]
[Date "2015.10.03"]
[Round "8"]
[White "Smith, Robert Wayne"]
[Black "Reilly, Tim"]
[Result "1-0"]
[WhiteElo "2233"]
[BlackElo "2226"]
[PlyCount "103"]
[EventDate "2015.09.26"]
[EventType "tourn"]
[EventRounds "9"]
[EventCountry "NZL"]
[EventCategory "2"]
[SourceTitle "EXT 2018"]
[Source "ChessBase"]
[SourceDate "2017.10.13"]
[SourceVersion "1"]
[SourceVersionDate "2017.10.13"]
[SourceQuality "1"]

1. e4 d6 2. d4 Nf6 3. Nc3 g6 4. Nf3 Bg7 5. h3 0-0 6. Be3 a6 7. a4 b6 8. e5 Nfd7 9. e6 fxe6 10. Bc4 d5 11. Nxd5 Nf6 12. Nf4 Nd5 13. Nd3 Bb7 14. 0-0 Qd6 15. Bd2 Nc6 16. c3 Rf5 17. Qe2 Raf8 18. Ng5 e5 19. Ne4 Qd8 20. Ng3 R5f7 21. Nxe5 Nxe5 22. dxe5 e6 23. Bxa6 Bxa6 24. Qxa6 Bxe5 25. Qe2 Bxg3 26. fxg3 Rxf1+ 27. Rxf1 Rxf1+ 28. Kxf1 Qd6 29. c4 Ne7 30. Bf4 Qd7 31. Kg1 Nc6 32. Be5 Qe7 33. Kh2 Qd7 34. Qe4 Nxe5 35. Qxe5 Qc6 36. b3 Kf7 37. Qf4+ Kg7 38. g4 Qc5 39. g5 e5 40. Qf6+ Kg8 41. Qe6+ Kg7 42. Qd7+ Kf8 43. Qxh7 Qe3 44. Qh8+ Ke7 45. Qf6+ Kd7 46. b4 e4 47. a5 bxa5 48. bxa5 Qd3 49. Qf7+ Kc8 50. Qg8+ Kb7 51. Qd5+ Ka6 52. Qc6+ 1-0

[Event "George Trundle Masters"]
[Site "Auckland"]
[Date "2015.09.30"]
[Round "5"]
[White "Reilly, Tim"]
[Black "Le Roy, Brice"]
[Result "0-1"]
[WhiteElo "2226"]
[BlackElo "2260"]
[PlyCount "75"]
[EventDate "2015.09.26"]
[EventType "tourn"]
[EventRounds "9"]
[EventCountry "NZL"]
[EventCategory "2"]
[SourceTitle "EXT 2018"]
[Source "ChessBase"]
[SourceDate "2017.10.13"]
[SourceVersion "1"]
[SourceVersionDate "2017.10.13"]
[SourceQuality "1"]

1. d4 Nf6 2. c4 d6 3. Nc3 Bf5 4. Nf3 h6 5. g3 Qc8 6. Qb3 c6 7. Bg2 Nbd7 8. 0-0 e5 9. Re1 Be7 10. e4 Bh7 11. c5 0-0 12. cxd6 Bxd6 13. dxe5 Nxe5 14. Nxe5 Bxe5 15. Be3 Re8 16. f3 Qc7 17. Rad1 h5 18. Bg5 Rad8 19. Kh1 a6 20. Rxd8 Rxd8 21. f4 Bd4 22. Bxf6 Bxf6 23. e5 Be7 24. Be4 Bxe4+ 25. Nxe4 Qd7 26. Qf3 Bb4 27. Rf1 Qd3 28. Qg2 Rd4 29. Ng5 Rc4 30. Qh3 Rc2 31. e6 Qd5+ 32. Nf3 fxe6 33. a3 Be7 34. g4 hxg4 35. Qxg4 Rxb2 36. Rg1 Bf6 37. h4 Rf2 38. Qh3 0-1

[Event "George Trundle Masters"]
[Site "Auckland"]
[Date "2015.09.29"]
[Round "4"]
[White "Garbett, Paul Anthony"]
[Black "Reilly, Tim"]
[Result "1/2-1/2"]
[WhiteElo "2262"]
[BlackElo "2226"]
[PlyCount "165"]
[EventDate "2015.09.26"]
[EventType "tourn"]
[EventRounds "9"]
[EventCountry "NZL"]
[EventCategory "2"]
[SourceTitle "EXT 2018"]
[Source "ChessBase"]
[SourceDate "2017.10.13"]
[SourceVersion "1"]
[SourceVersionDate "2017.10.13"]
[SourceQuality "1"]

1. d4 d6 2. g3 g6 3. Bg2 Bg7 4. Nf3 Nf6 5. 0-0 0-0 6. c4 Nc6 7. Nc3 Bf5 8. d5 Na5 9. Nd4 Bd7 10. b3 c5 11. dxc6 Nxc6 12. Bb2 Rc8 13. h3 Qa5 14. e3 a6 15. Qe2 Nxd4 16. exd4 b5 17. Qxe7 bxc4 18. Qxd6 Rfd8 19. b4 Qh5 20. g4 Bxg4 21. hxg4 Nxg4 22. Qg3 Bxd4 23. Bf3 f5 24. Rae1 Re8 25. Rxe8+ Rxe8 26. Nd1 Bxb2 27. Nxb2 c3 28. Bxg4 Qxg4 29. Qxg4 fxg4 30. Nd1 Re2 31. Nxc3 Rc2 32. Nd5 Rxa2 33. Rc1 Kf7 34. Rc6 h5 35. Nc7 a5 36. b5 a4 37. Rc1 a3 38. Nd5 Rb2 39. Nc3 Kf6 40. Ra1 Rb3 41. Ne4+ Kf5 42. Nd2 Rxb5 43. Rxa3 Kg5 44. Ra4 Rb6 45. Kg2 Rc6 46. Ne4+ Kh6 47. Ra5 Re6 48. Nd2 Rc6 49. Nf1 Rb6 50. Ne3 Rc6 51. Re5 Ra6 52. Nd5 Rd6 53. Kg3 Ra6 54. Nf4 Rb6 55. Ne6 Rb3+ 56. Re3 Rb2 57. Rc3 Rb6 58. Nd4 Ra6 59. Rc8 Rd6 60. Rc4 Ra6 61. Nc6 Ra3+ 62. Kg2 Ra6 63. Nd8 Rb6 64. Rf4 Ra6 65. Nf7+ Kg7 66. Ne5 Rb6 67. Kg3 Rb5 68. Rf7+ Kh6 69. Nc4 Rb3+ 70. Kg2 Rb4 71. Rc7 Kg5 72. Rc6 Rb5 73. Nd6 Ra5 74. Nf7+ Kf5 75. Nh8 g5 76. Nf7 Rd5 77. Ra6 Rc5 78. Nh6+ Ke5 79. Ng8 h4 80. Nf6 Kf5 81. Nd7 Rc2 82. Ra5+ Kf4 83. Ra4+ 1/2-1/2

[Event "NZL-ch op 122nd"]
[Site "Auckland"]
[Date "2015.01.06"]
[Round "6"]
[White "Reilly, Tim"]
[Black "Opasiak, Dustin Tennessee"]
[Result "1-0"]
[WhiteElo "2238"]
[BlackElo "1729"]
[PlyCount "31"]
[EventDate "2015.01.01"]
[EventType "swiss"]
[EventRounds "9"]
[EventCountry "NZL"]
[SourceTitle "CBM 164 Extra"]
[Source "ChessBase"]
[SourceDate "2015.03.02"]
[SourceVersion "1"]
[SourceVersionDate "2015.03.02"]
[SourceQuality "1"]

1. d4 Nf6 2. c4 c5 3. d5 e5 4. Nc3 d6 5. e4 Be7 6. h3 0-0 7. Bd3 Ne8 8. Nf3 Nd7 9. Be3 g6 10. g4 Ndf6 11. Bh6 Ng7 12. Qd2 Kh8 13. 0-0-0 Ng8 14. Rdg1 Bh4 15. Nxh4 Qxh4 16. Bg5 1-0

[Event "NZL-ch op 122nd"]
[Site "Auckland"]
[Date "2015.01.04"]
[Round "4"]
[White "Reilly, Tim"]
[Black "Rasmussen, Allan Stig"]
[Result "1/2-1/2"]
[WhiteElo "2238"]
[BlackElo "2526"]
[PlyCount "53"]
[EventDate "2015.01.01"]
[EventType "swiss"]
[EventRounds "9"]
[EventCountry "NZL"]
[SourceTitle "CBM 164 Extra"]
[Source "ChessBase"]
[SourceDate "2015.03.02"]
[SourceVersion "1"]
[SourceVersionDate "2015.03.02"]
[SourceQuality "1"]

1. d4 Nf6 2. c4 e6 3. Nc3 Bb4 4. e3 0-0 5. Bd3 d6 6. Nge2 c5 7. 0-0 Nc6 8. a3 Ba5 9. Qc2 h6 10. Bd2 Bb6 11. dxc5 dxc5 12. f4 Re8 13. Rad1 Bd7 14. Ng3 Qe7 15. Nce4 Nxe4 16. Bxe4 f5 17. Bf3 g6 18. Bc3 Bc7 19. b4 a6 20. Qb2 Bb6 21. Rfe1 h5 22. Bf6 Qf7 23. Rd3 Rf8 24. Bc3 Rfd8 25. Bf6 Rf8 26. Bc3 Rfd8 27. Bf6 1/2-1/2